Alle Europese Vlaggen - Sudden Death - Statistieken

Algemene statistieken
  • Deze quiz is 32.513 keer genomen
  • De gemiddelde score is 21 van 45
Answers on the Grid
Answers color-coded by a green-red scale on the quiz's grid according to % correct below.
 
Antwoordstatistieken
Antwoord % Correct
IJsland
84%
Servië
74%
Malta
69%
Oekraïne
65%
Rusland
63%
Frankrijk
60%
Roemenië
59%
Kosovo
57%
Nederland
54%
Verenigd Koninkrijk
53%
Noorwegen
52%
Luxemburg
51%
Duitsland
51%
Zweden
49%
Zwitserland
49%
Finland
48%
Letland
47%
Monaco
46%
Polen
46%
Slowakije
46%
Spanje
46%
Griekenland
45%
Tsjechië
45%
Denemarken
45%
België
45%
Oostenrijk
44%
Kroatië
43%
San Marino
42%
Bulgarije
42%
Portugal
42%
Italië
41%
Noord-Macedonië
41%
Hongarije
41%
Vaticaanstad
40%
Estland
40%
Liechtenstein
39%
Slovenië
39%
Bosnië en Herzegovina
38%
Albanië
38%
Andorra
37%
Moldavië
36%
Litouwen
34%
Belarus
30%
Montenegro
30%
Ierland
27%
Geen overeenkomende quizzen gevonden
Scoreverdeling
Procent van Mensen met Elke Score
Percentiel versus Aantal Correcte Antwoorden
Uw Scoregeschiedenis
U heeft deze quiz nog niet genomen